[Event "XIII Festival A"]
[Site "Campobasso ITA"]
[Date "2006.07.22"]
[Round "3"]
[White "Voiska, Margarita"]
[Black "Ortega, Lexy"]
[Result "0-1"]
[WhiteElo "2330"]
[BlackElo "2435"]
[PlyCount "40"]
[EventDate "2006.07.21"]

1. Nf3 d5 2. c4 c6 3. cxd5 cxd5 4. d4 Nc6 5. Nc3 Nf6 6. Bf4 Bf5 7. Rc1 e6 8.
Qb3 Bd6 9. Qxb7 O-O 10. Qxc6 Bxf4 11. e3 Bd6 12. a3 Rb8 13. b4 a5 14. Ne2 Rc8
15. Qa4 Rxc1+ 16. Nxc1 axb4 17. axb4 Qc7 18. Na2 Bb1 19. Nd2 Bxa2 20. Qxa2 Bxb4
0-1

[Event "XIII Festival A"]
[Site "Campobasso ITA"]
[Date "2006.07.22"]
[Round "4"]
[White "Borino, Paolo"]
[Black "Santurbano, Maria Vincenza"]
[Result "1/2-1/2"]
[WhiteElo "2001"]
[BlackElo "1985"]
[PlyCount "113"]
[EventDate "2006.07.21"]

1. f4 e5 2. e4 d5 3. exd5 e4 4. d3 exd3 5. Bxd3 Nf6 6. Nf3 c6 7. O-O Bc5+ 8.
Kh1 O-O 9. Nc3 Re8 10. a3 h6 11. b4 Bb6 12. d6 Ng4 13. Ne4 Ne3 14. Bxe3 Bxe3
15. Ne5 Nd7 16. Nxf7 Qh4 17. g3 Qh3 18. Neg5 hxg5 19. Nxg5 Qh6 20. Re1 Nf6 21.
Bc4+ Kf8 22. Qd3 Bd7 23. Rxe3 Rxe3 24. Qxe3 Re8 25. Qd3 Bg4 26. d7 Nxd7 27.
Nh7+ Ke7 28. Re1+ Kd8 29. Rxe8+ Kxe8 30. Ng5 Qf6 31. Qe3+ Kd8 32. Nf7+ Kc7 33.
Ne5 Bh3 34. Qe2 Nb6 35. Bb3 g5 36. Qe4 Bf5 37. Qe3 g4 38. Qd4 Nc8 39. Nf3 Qg6
40. Qe5+ Kd7 41. Nh4 Be4+ 42. Kg1 Qh7 43. f5 Nd6 44. Be6+ Kc7 45. c4 Qh6 46.
Qf4 Qf6 47. c5 Qa1+ 48. Kf2 Qb2+ 49. Ke1 Qc3+ 50. Qd2 Nb5 51. Qxc3 Nxc3 52. f6
Kd8 53. f7 Ke7 54. Bxg4 Kxf7 55. Kd2 Nd5 56. Ke2 Kf6 57. Bf3 1/2-1/2

[Event "XIII Festival A"]
[Site "Campobasso ITA"]
[Date "2006.07.22"]
[Round "4"]
[White "Canelli, Daniele"]
[Black "Scagliarini, Bruno"]
[Result "1-0"]
[WhiteElo "2066"]
[BlackElo "1956"]
[PlyCount "113"]
[EventDate "2006.07.21"]

1. d4 e6 2. c4 Nf6 3. Nc3 Bb4 4. a3 Bxc3+ 5. bxc3 c5 6. Qc2 Nc6 7. Nf3 d6 8. e3
O-O 9. Bd3 e5 10. O-O Qe7 11. dxe5 dxe5 12. e4 h6 13. h3 b6 14. Be3 Na5 15. Nd2
Nd7 16. Rad1 Ba6 17. Be2 Rad8 18. Rfe1 Nb8 19. f4 f6 20. fxe5 Qxe5 21. Nf3 Qe7
22. Nh4 Rxd1 23. Rxd1 Rd8 24. Rxd8+ Qxd8 25. Nf5 Nbc6 26. Bf4 Ne5 27. Bxe5 fxe5
28. Ne3 Kh7 29. Bf1 Qd7 30. Qf2 Qe6 31. Be2 Kg8 32. Qg3 Bb7 33. Nf5 Qf6 34. Qd3
Bc6 35. Ne3 Bb7 36. Bg4 Bc6 37. Bf5 g6 38. Ng4 Qg5 39. Be6+ Kg7 40. Ne3 Qe7 41.
Bd5 Bd7 42. Qf1 Qf6 43. Qe2 h5 44. Qd2 Qe7 45. Qe1 Qg5 46. Qd2 Kh6 47. Kh1 Nb3
48. Qf2 Qf4 49. Qe1 Na5 50. Kg1 Ba4 51. Be6 Qf6 52. Bg4 Qg5 53. Bf3 Bb3 54. Qe2
Qd8 55. Kh2 Qg8 56. Qd2 Nxc4 57. Nf5+ 1-0

[Event "XIII Festival A"]
[Site "Campobasso ITA"]
[Date "2006.07.22"]
[Round "4"]
[White "Cappai, Davide"]
[Black "Grasso, Nino"]
[Result "0-1"]
[WhiteElo "2092"]
[BlackElo "1972"]
[PlyCount "36"]
[EventDate "2006.07.21"]

1. e4 e5 2. Nf3 Nc6 3. Bc4 Nf6 4. d3 h6 5. c3 Bc5 6. b4 Bb6 7. b5 Na5 8. Nxe5
O-O 9. Bb3 Nxb3 10. Qxb3 d5 11. exd5 Re8 12. d4 Ng4 13. O-O Rxe5 14. f3 Nxh2
15. Bf4 Rh5 16. Rc1 Qh4 17. Bd2 Nxf3+ 18. Kf1 Bf5 0-1

[Event "XIII Festival A"]
[Site "Campobasso ITA"]
[Date "2006.07.22"]
[Round "4"]
[White "Corvi, Marco"]
[Black "Del Dotto, Riccardo"]
[Result "1-0"]
[WhiteElo "2318"]
[BlackElo "2180"]
[PlyCount "96"]
[EventDate "2006.07.21"]

1. c4 e5 2. Nc3 Nc6 3. Nf3 Nf6 4. e3 Bb4 5. Qc2 O-O 6. Nd5 Re8 7. Qf5 d6 8.
Nxf6+ gxf6 9. Qh5 e4 10. a3 exf3 11. axb4 Re5 12. Qh6 Nxb4 13. gxf3 Rg5 14. Ra4
Nc2+ 15. Kd1 Bd7 16. Kxc2 Bxa4+ 17. b3 Rg6 18. Qf4 Bd7 19. h4 h5 20. Bd3 Kg7
21. Bb2 Qe7 22. Bxg6 fxg6 23. Rg1 Kf7 24. e4 b5 25. cxb5 Rb8 26. Rg5 Bxb5 27.
Rg1 Qe6 28. Qh6 Rg8 29. d3 d5 30. Qf4 dxe4 31. Qxe4 Qxe4 32. fxe4 c5 33. Ba3
Rd8 34. Rd1 Rc8 35. f4 Ke6 36. Kd2 Rd8 37. Kc3 Rc8 38. Rg1 Kf7 39. Bxc5 Bxd3
40. Kxd3 Rxc5 41. b4 Rc7 42. Ra1 Re7 43. Ra5 Kg7 44. Kd4 Kh7 45. Ra6 Rf7 46.
Kd5 Rb7 47. Ke6 Rxb4 48. Rxa7+ Kh6 1-0

[Event "XIII Festival A"]
[Site "Campobasso ITA"]
[Date "2006.07.22"]
[Round "4"]
[White "Ficco, Corrado"]
[Black "Capuano, Eugenio"]
[Result "1/2-1/2"]
[WhiteElo "2165"]
[BlackElo "2255"]
[PlyCount "76"]
[EventDate "2006.07.21"]

1. c4 g6 2. Nc3 Bg7 3. g3 d6 4. Bg2 Nf6 5. e4 O-O 6. Nge2 c5 7. d4 Nc6 8. dxc5
dxc5 9. Be3 Ne5 10. O-O Nxc4 11. Qxd8 Rxd8 12. Bxc5 Nxb2 13. Rab1 Nc4 14. Rb4
Ne5 15. Bxe7 Rd2 16. Rd4 Rxd4 17. Nxd4 Bd7 18. f4 Nc6 19. Nxc6 Bxc6 20. Bxf6
Bxf6 21. e5 Bxg2 22. Kxg2 Bd8 23. Rd1 Ba5 24. Ne4 Rd8 25. Nd6 Bb4 26. Kh3 f5
27. g4 Bxd6 28. exd6 Kf7 29. gxf5 gxf5 30. Rd5 Ke6 31. Re5+ Kxd6 32. Rxf5 Ke6
33. Rh5 Rd7 34. Kg4 Kf6 35. Rh6+ Kg7 36. Re6 Kf7 37. Rh6 Kg7 38. Re6 Kf7
1/2-1/2

[Event "XIII Festival A"]
[Site "Campobasso ITA"]
[Date "2006.07.22"]
[Round "4"]
[White "Frontini, Yuri Diego"]
[Black "Quimi, Marco"]
[Result "0-1"]
[WhiteElo "2055"]
[BlackElo "2305"]
[PlyCount "72"]
[EventDate "2006.07.21"]

1. d4 Nf6 2. Nf3 g6 3. Bf4 Bg7 4. e3 O-O 5. Be2 d6 6. h3 Nfd7 7. O-O e5 8. Bh2
Nc6 9. c4 f5 10. Nc3 e4 11. Nd2 Nf6 12. Rb1 Ne7 13. b4 c6 14. c5 d5 15. b5 g5
16. bxc6 bxc6 17. Qa4 Qd7 18. Nb3 Ne8 19. Na5 f4 20. Bg4 Qc7 21. Bxc8 Qxc8 22.
Qb3 Qe6 23. Qb7 Nf6 24. Qc7 Rfc8 25. Qd6 Qxd6 26. cxd6 Nf5 27. Nb7 Nd7 28. g4
Nxd4 29. exd4 Bxd4 30. Na4 Rab8 31. Na5 Rb5 32. Nxc6 Rxb1 33. Ne7+ Kf7 34. Rxb1
Rc2 35. Rd1 Bxf2+ 36. Kh1 e3 0-1

[Event "XIII Festival A"]
[Site "Campobasso ITA"]
[Date "2006.07.22"]
[Round "4"]
[White "Granaldi, Alessandro"]
[Black "Rosato, Luciano"]
[Result "0-1"]
[WhiteElo "1995"]
[BlackElo "2215"]
[PlyCount "120"]
[EventDate "2006.07.21"]

1. e4 g6 2. d4 Bg7 3. Nc3 c6 4. g3 d6 5. Bg2 Nd7 6. Nge2 Qc7 7. Be3 Ngf6 8. h3
e5 9. Qd2 O-O 10. Bh6 Nb6 11. Bxg7 Kxg7 12. O-O Nc4 13. Qc1 b5 14. b3 Nb6 15.
f4 b4 16. fxe5 dxe5 17. Nd1 Ba6 18. c4 bxc3 19. Ndxc3 exd4 20. Nxd4 Bxf1 21.
Nf5+ Kh8 22. Qh6 Rg8 23. Rxf1 gxf5 24. Qxf6+ Rg7 25. Rf4 Qd8 26. Rxf5 Qxf6 27.
Rxf6 Rxg3 28. Ne2 Rg7 29. Rxc6 Rd8 30. Rc2 Rg6 31. Nf4 Rgd6 32. Nd5 Nxd5 33.
exd5 Kg7 34. Rc7 R8d7 35. Rc6 Kf6 36. b4 Ke5 37. a4 Rxc6 38. dxc6 Rd4 39. Bf1
Kd6 40. b5 Rxa4 41. Kf2 Ra3 42. h4 h6 43. Be2 Rh3 44. h5 Rc3 45. Ke1 Kc5 46.
Kd2 Kd4 47. Bg4 Rc5 48. Bd7 f5 49. Ke2 Ke4 50. Bc8 Kd4 51. Ba6 f4 52. Kf3 Ke5
53. Kg4 Rc3 54. Bb7 Rg3+ 55. Kh4 Kd6 56. Ba6 Kc7 57. Bb7 Rg5 58. Ba6 f3 59. Bb7
f2 60. Ba6 Kb6 0-1

[Event "XIII Festival A"]
[Site "Campobasso ITA"]
[Date "2006.07.22"]
[Round "4"]
[White "Gromovs, Sergejs"]
[Black "Mrdja, Milan"]
[Result "0-1"]
[WhiteElo "2314"]
[BlackElo "2414"]
[PlyCount "82"]
[EventDate "2006.07.21"]

1. d4 g6 2. c4 Bg7 3. g3 Nf6 4. Bg2 O-O 5. Nc3 d6 6. Nf3 Nc6 7. d5 Na5 8. Nd2
c5 9. O-O a6 10. Rb1 Qc7 11. b3 Bd7 12. Bb2 b5 13. e4 Rab8 14. h3 e6 15. f4
bxc4 16. bxc4 Rxb2 17. Rxb2 Nxd5 18. Nxd5 exd5 19. Rb1 dxc4 20. f5 c3 21. f6
Bh6 22. Nb3 Nc4 23. Rf3 c2 24. Qxc2 Na3 25. Qd1 Nxb1 26. Qxb1 c4 27. Nc1 Rb8
28. Qc2 Qb6+ 29. Kh2 Qb2 30. Rc3 Be6 31. Ne2 Bg5 32. Qd1 Bxf6 33. Rc2 Qa3 34.
Nd4 Be5 35. Nf3 Rb2 36. Nxe5 Rxc2 37. Qxc2 dxe5 38. Qb1 Kg7 39. Qb8 Qc5 40. Qb2
c3 41. Qc2 Bxa2 0-1

[Event "XIII Festival A"]
[Site "Campobasso ITA"]
[Date "2006.07.22"]
[Round "4"]
[White "Iordachescu, Viorel"]
[Black "Sabia, Corrado"]
[Result "1-0"]
[WhiteElo "2603"]
[BlackElo "2146"]
[PlyCount "55"]
[EventDate "2006.07.21"]

1. e4 c5 2. Nf3 e6 3. Nc3 a6 4. d4 cxd4 5. Nxd4 Qc7 6. Bd3 Nf6 7. f4 d6 8. Qe2
Nbd7 9. a4 b6 10. Bd2 Bb7 11. O-O Be7 12. Kh1 Nc5 13. Rae1 Rd8 14. b4 Nxd3 15.
cxd3 O-O 16. b5 a5 17. Rc1 Qb8 18. f5 e5 19. Nc6 Bxc6 20. bxc6 d5 21. Bg5 dxe4
22. dxe4 Rd4 23. Bxf6 Bxf6 24. Nb5 Rxa4 25. c7 Qa8 26. Nd6 Rc8 27. Nxc8 Qxc8
28. Qa6 1-0

[Event "XIII Festival A"]
[Site "Campobasso ITA"]
[Date "2006.07.22"]
[Round "4"]
[White "Madan, Augustin"]
[Black "Miladinovic, Igor"]
[Result "0-1"]
[WhiteElo "2411"]
[BlackElo "2584"]
[PlyCount "88"]
[EventDate "2006.07.21"]

1. e4 c5 2. Nf3 Nc6 3. Bb5 e6 4. O-O Nge7 5. c3 a6 6. Ba4 b5 7. Bc2 Bb7 8. d4
cxd4 9. Nxd4 Rc8 10. Be3 Qc7 11. Ne2 Ne5 12. Nd2 N7g6 13. h3 Bc5 14. Bxc5 Qxc5
15. Nb3 Qb6 16. Rb1 d5 17. exd5 Bxd5 18. Bxg6 hxg6 19. Qd4 Qxd4 20. cxd4 Nd3
21. Rfd1 Nb4 22. Nc3 Nxa2 23. Nxd5 exd5 24. Re1+ Kd8 25. Re5 Rh5 26. Re2 Rh4
27. f3 Nb4 28. Rbe1 Nc6 29. Ra1 a5 30. Nxa5 Nxd4 31. Re5 Kd7 32. Rae1 Kd6 33.
Re7 Re4 34. R7xe4 dxe4 35. Rxe4 Rc1+ 36. Kh2 Ne6 37. b4 Rb1 38. f4 f5 39. Nb7+
Kd7 40. Re5 Nxf4 41. g3 Rb2+ 42. Kh1 Ne6 43. Nc5+ Nxc5 44. bxc5 b4 0-1

[Event "XIII Festival A"]
[Site "Campobasso ITA"]
[Date "2006.07.22"]
[Round "4"]
[White "Messina, Roberta"]
[Black "Voiska, Margarita"]
[Result "0-1"]
[WhiteElo "1859"]
[BlackElo "2330"]
[PlyCount "102"]
[EventDate "2006.07.21"]

1. e4 c5 2. Nf3 Nc6 3. c3 d6 4. d4 Nf6 5. Bd3 Bg4 6. Be3 Qb6 7. Nbd2 cxd4 8.
cxd4 d5 9. e5 Nd7 10. h3 Nb4 11. Qb3 Nxd3+ 12. Qxd3 Bh5 13. O-O e6 14. Nh2 Bg6
15. Qb3 Be7 16. f4 Rc8 17. Rac1 O-O 18. Nhf3 Qa6 19. Rfe1 Rc6 20. Nf1 Rb6 21.
Qd1 Rxb2 22. Rc7 Rd8 23. Qc1 Qxa2 24. N1d2 Rc2 25. Rxc2 Bxc2 26. Nf1 Qa4 27.
Ng3 Nb6 28. Qb2 Ba3 29. Qa1 Nc4 30. Bc1 Bb4 31. Qxa4 Bxa4 32. Rf1 g6 33. h4 Bc2
34. h5 a5 35. Kf2 a4 36. hxg6 hxg6 37. Be3 a3 38. Ne2 a2 39. Ra1 Bb1 40. Bc1
Na3 41. Bxa3 Bxa3 42. Nc3 Bb2 43. Rxb1 axb1=Q 44. Nxb1 b5 45. Nbd2 Rc8 46. Nb3
Rc2+ 47. Kg3 b4 48. Nc5 Bxd4 49. Nb3 Bb6 50. Nfd2 Rc3+ 51. Kg4 Bf2 0-1

[Event "XIII Festival A"]
[Site "Campobasso ITA"]
[Date "2006.07.22"]
[Round "4"]
[White "Ortega, Lexy"]
[Black "Lagumina, Giulio"]
[Result "1/2-1/2"]
[WhiteElo "2435"]
[BlackElo "2315"]
[PlyCount "91"]
[EventDate "2006.07.21"]

1. d4 d5 2. Bf4 Nf6 3. e3 c5 4. c3 Qb6 5. Qb3 Nc6 6. Nd2 Qxb3 7. axb3 Nh5 8.
Bc7 cxd4 9. exd4 Bf5 10. h3 Rc8 11. Bh2 Nf6 12. b4 a6 13. Ngf3 e6 14. Ne5 Nxe5
15. Bxe5 Nd7 16. Bg3 Ra8 17. Nb3 Be7 18. b5 Bc2 19. Na5 axb5 20. Bxb5 b6 21.
Nb3 O-O 22. Bc6 Rad8 23. Nd2 Nf6 24. Bb5 Ra8 25. Ke2 Rfc8 26. Rhc1 Bf5 27. Ba6
Re8 28. Bb7 Rad8 29. Bc6 Rf8 30. Ra7 Bd6 31. Bxd6 Rxd6 32. Bb5 Rb8 33. Rca1 h6
34. g4 Bg6 35. Nf3 Rf8 36. Ne5 Kh7 37. f3 Rdd8 38. h4 h5 39. g5 Ne8 40. Bxe8
Rdxe8 41. Rb7 Rb8 42. Raa7 Rxb7 43. Rxb7 Ra8 44. Rxb6 Ra1 45. Kf2 Rh1 46. Kg3
1/2-1/2

[Event "XIII Festival A"]
[Site "Campobasso ITA"]
[Date "2006.07.22"]
[Round "4"]
[White "Palladino, Andrea"]
[Black "Affinito, Pancrazio"]
[Result "1-0"]
[WhiteElo "1874"]
[BlackElo "2063"]
[PlyCount "41"]
[EventDate "2006.07.21"]

1. e4 c5 2. Nf3 Nc6 3. d4 cxd4 4. Nxd4 g6 5. Nc3 Bg7 6. Be3 Nf6 7. Bc4 O-O 8.
f3 Qb6 9. Bb3 Nxe4 10. fxe4 Bxd4 11. Nd5 Qa5+ 12. Bd2 Qc5 13. Qf3 Bxb2 14. Rd1
Nd4 15. Qd3 Nxb3 16. Bb4 Qd4 17. Qf3 Qg7 18. c3 Nd4 19. cxd4 Bxd4 20. Rxd4 Re8
21. Bc3 1-0

[Event "XIII Festival A"]
[Site "Campobasso ITA"]
[Date "2006.07.22"]
[Round "4"]
[White "Petruccioli, Antonio"]
[Black "Bottega, Antonio"]
[Result "1-0"]
[WhiteElo "2083"]
[BlackElo "1967"]
[PlyCount "117"]
[EventDate "2006.07.21"]

1. e4 d6 2. d4 g6 3. f4 Bg7 4. c3 Nd7 5. Nf3 e6 6. Bd3 Ne7 7. O-O b6 8. Ng5 O-O
9. f5 exf5 10. exf5 Nf6 11. fxg6 hxg6 12. Nd2 Bg4 13. Qe1 Re8 14. Qh4 Nf5 15.
Qf2 Ne3 16. Re1 Nd1 17. Qf1 Ne3 18. Qf4 Ned5 19. Rxe8+ Qxe8 20. Qf2 Qe3 21.
Qxe3 Nxe3 22. Kf2 Re8 23. Nde4 Ned5 24. h3 Bd7 25. Ng3 b5 26. Bd2 Kf8 27. Rf1
Re7 28. Ne2 Kg8 29. g4 Bh6 30. Ng3 Bxg4 31. hxg4 Nxg4+ 32. Kg1 Nge3 33. Nxf7
Rxf7 34. Rxf7 Kxf7 35. Bxb5 Ng4 36. Bxh6 Nxh6 37. Bc4 Ke6 38. Ne2 c6 39. Nf4+
Kf5 40. Nxd5 cxd5 41. Bxd5 Ng4 42. Bc6 Ne3 43. b4 Nd1 44. c4 Nb2 45. c5 Ke6 46.
Bb5 d5 47. Be8 g5 48. Bb5 Nc4 49. a4 Nd2 50. Kf2 Nb3 51. Ke3 g4 52. Bf1 Kd7 53.
a5 Kc6 54. b5+ Kc7 55. b6+ axb6 56. axb6+ Kc6 57. Bg2 Na5 58. Kf4 Nb7 59. Ke5
1-0

[Event "XIII Festival A"]
[Site "Campobasso ITA"]
[Date "2006.07.22"]
[Round "4"]
[White "Rossi, Aldo A."]
[Black "Iafelice, Vincenzo"]
[Result "1-0"]
[WhiteElo "2211"]
[BlackElo "2074"]
[PlyCount "83"]
[EventDate "2006.07.21"]

1. d4 f5 2. Nf3 g6 3. Bf4 Bg7 4. e3 Nf6 5. h3 d6 6. Be2 O-O 7. O-O Qe8 8. c4
Ne4 9. Nbd2 e5 10. Bh2 Nc6 11. dxe5 Nxd2 12. Nxd2 dxe5 13. a3 a5 14. Rb1 Qe7
15. Qc2 Be6 16. c5 Qh4 17. Nf3 Qe7 18. Bc4 e4 19. Bxe6+ Qxe6 20. Ng5 Qf6 21.
Qc4+ Kh8 22. Ne6 Qf7 23. Rfc1 Rfc8 24. Nxg7 Qxg7 25. Rd1 Re8 26. Qb5 Rab8 27.
Rd2 Re7 28. Rbd1 Qf6 29. Rd7 Qf7 30. Rxe7 Qxe7 31. Qc4 Rd8 32. Rd5 Rxd5 33.
Qxd5 Kg7 34. Bg3 Kf6 35. b4 axb4 36. axb4 Qe6 37. Qd2 Qe7 38. b5 Ne5 39. Qd4 c6
40. bxc6 bxc6 41. f4 exf3 42. gxf3 1-0

[Event "XIII Festival A"]
[Site "Campobasso ITA"]
[Date "2006.07.22"]
[Round "4"]
[White "Scerbo, Antonio"]
[Black "Cordi', Domenico"]
[Result "1-0"]
[WhiteElo "2109"]
[BlackElo "2065"]
[PlyCount "79"]
[EventDate "2006.07.21"]

1. d4 Nf6 2. c4 c5 3. d5 e6 4. Nc3 exd5 5. cxd5 d6 6. e4 g6 7. Nf3 Bg7 8. Be2
O-O 9. O-O Re8 10. Nd2 Na6 11. f3 Nc7 12. a4 b6 13. Nc4 Ba6 14. Ne3 Bxe2 15.
Qxe2 a6 16. Rd1 Rb8 17. Nc4 b5 18. axb5 axb5 19. Na5 Qd7 20. Nc6 Rb7 21. Qc2 b4
22. Ne2 h6 23. g4 b3 24. Qc4 Nxg4 25. Bf4 Ne5 26. Bxe5 Bxe5 27. Nxe5 Rxe5 28.
Ng3 Re8 29. Ra3 Rb4 30. Qd3 Qb5 31. Qe3 Kg7 32. Qc3+ f6 33. Kh1 Qb6 34. Rg1 Kf7
35. Qd2 Rh8 36. Qg2 Nb5 37. Qh3 Re8 38. Qxh6 Nxa3 39. Nf5 Rg8 40. Qh7+ 1-0

[Event "XIII Festival A"]
[Site "Campobasso ITA"]
[Date "2006.07.22"]
[Round "4"]
[White "Scipioni, Gaetano"]
[Black "Bove, Alessandro"]
[Result "0-1"]
[WhiteElo "2070"]
[BlackElo "2097"]
[PlyCount "86"]
[EventDate "2006.07.21"]

1. d4 d6 2. Nf3 Nd7 3. Bf4 g6 4. c4 Bg7 5. Nc3 e5 6. dxe5 dxe5 7. Bg5 Ne7 8. e4
f6 9. Be3 O-O 10. Be2 c6 11. O-O h6 12. Qd2 Kh7 13. Rad1 f5 14. exf5 Nxf5 15.
Bc5 Re8 16. Ne4 Nxc5 17. Qxd8 Rxd8 18. Neg5+ hxg5 19. Nxg5+ Kh6 20. Nf7+ Kh7
21. Ng5+ Kg8 22. Rxd8+ Bf8 23. b4 Nd7 24. Rd1 Nd4 25. Bg4 Nb6 26. Bxc8 Rxc8 27.
Rxc8 Nxc8 28. c5 Bh6 29. Ne4 Kf7 30. Kf1 Ke6 31. f3 Ne7 32. Nd6 Nef5 33. Nxf5
Kxf5 34. Kf2 Ke6 35. h4 Ke7 36. g3 Nf5 37. Re1 Bg7 38. f4 Ke6 39. fxe5 Bxe5 40.
Kf3 Kd5 41. Rd1+ Nd4+ 42. Kg4 Kc4 43. a3 a5 0-1

[Event "XIII Festival A"]
[Site "Campobasso ITA"]
[Date "2006.07.22"]
[Round "4"]
[White "Stoyko, Maksym"]
[Black "Di Lascio, Savino"]
[Result "1-0"]
[WhiteElo "1978"]
[BlackElo "2048"]
[PlyCount "113"]
[EventDate "2006.07.21"]

1. d4 Nf6 2. c4 e6 3. Nf3 b6 4. Nc3 Bb7 5. Bg5 Be7 6. e3 O-O 7. Bd3 d5 8. O-O
Ne4 9. Bxe7 Qxe7 10. Qc2 f5 11. Nd2 Qg5 12. Nf3 Qh5 13. Ne5 Rf6 14. Qe2 Qh6 15.
f3 Nxc3 16. bxc3 Nc6 17. cxd5 exd5 18. f4 g6 19. Rac1 Re8 20. Bb5 Re7 21. Qf3
Nxe5 22. fxe5 Rfe6 23. Qf4 Qf8 24. g4 Rf7 25. gxf5 gxf5 26. Bd3 Rg6+ 27. Kh1
Bc8 28. Be2 Rfg7 29. Bf3 c6 30. Rg1 Qa3 31. Bh5 Rg2 32. Bf3 R2g6 33. Bh5 Rg2
34. Bf3 Rxg1+ 35. Rxg1 Rxg1+ 36. Kxg1 Qe7 37. Qh6 Qg7+ 38. Qxg7+ Kxg7 39. Kf2
Be6 40. Kg3 Kh6 41. Kf4 Kg6 42. Bd1 h6 43. Bc2 b5 44. a3 h5 45. h4 a5 46. Bd3
Bd7 47. Bc2 Be6 48. Bb1 Bd7 49. Bc2 Be6 50. Bb1 Bd7 51. e6 Bxe6 52. Ke5 Bc8 53.
Kd6 Kf6 54. Kxc6 b4 55. cxb4 axb4 56. axb4 Ke6 57. b5 1-0

[Event "XIII Festival A"]
[Site "Campobasso ITA"]
[Date "2006.07.22"]
[Round "4"]
[White "Vincenzi, Marco"]
[Black "Panella, Fiammetta"]
[Result "1/2-1/2"]
[WhiteElo "2026"]
[BlackElo "1954"]
[PlyCount "40"]
[EventDate "2006.07.21"]

1. d4 d5 2. c4 c6 3. Nc3 dxc4 4. Nf3 Nf6 5. e4 b5 6. e5 Nd5 7. a4 Nxc3 8. bxc3
e6 9. axb5 cxb5 10. Ng5 Bb7 11. Qh5 g6 12. Qg4 Bg7 13. Be2 Nd7 14. Bf3 Qb6 15.
O-O h6 16. Ne4 a5 17. Be3 Bd5 18. Rfb1 Qc6 19. Nd2 Nb6 20. Ne4 Kd7 1/2-1/2

[Event "XIII Festival A"]
[Site "Campobasso ITA"]
[Date "2006.07.22"]
[Round "4"]
[White "Vuelban, Virgilio"]
[Black "Ljubisavljevic, Zivojin Z."]
[Result "1/2-1/2"]
[WhiteElo "2312"]
[BlackElo "2290"]
[PlyCount "47"]
[EventDate "2006.07.21"]

1. Nf3 d5 2. d4 c6 3. c4 e6 4. Qc2 f5 5. g3 Nf6 6. Bg2 Bd6 7. O-O O-O 8. b3 Qe8
9. a4 Qh5 10. Ba3 Bxa3 11. Rxa3 a5 12. Ne5 Nbd7 13. Nd3 g5 14. e3 Ne4 15. f3
Nd6 16. Nd2 Qh6 17. c5 Nf7 18. f4 Nf6 19. Nf3 Bd7 20. Qc1 Ne4 21. Nfe5 Be8 22.
Ra2 gxf4 23. Nxf7 Bxf7 24. Rxf4 1/2-1/2

[Event "XIII Festival A"]
[Site "Campobasso ITA"]
[Date "2006.07.23"]
[Round "5"]
[White "Bottega, Antonio"]
[Black "Borino, Paolo"]
[Result "1-0"]
[WhiteElo "1967"]
[BlackElo "2001"]
[PlyCount "47"]
[EventDate "2006.07.21"]

1. d4 Nf6 2. Nf3 d5 3. e3 Bg4 4. Be2 Nbd7 5. Nbd2 e6 6. O-O Bd6 7. b3 O-O 8.
Bb2 c6 9. Ne5 Bxe2 10. Qxe2 Bxe5 11. dxe5 Ne8 12. f4 g6 13. Rf3 Ng7 14. Rh3 h5
15. g4 hxg4 16. Qxg4 c5 17. c4 Nb6 18. Rd1 Qe7 19. Nf3 Rad8 20. Ng5 dxc4 21.
Re1 Rd2 22. Ne4 Rxb2 23. Nf6+ Qxf6 24. exf6 1-0

[Event "XIII Festival A"]
[Site "Campobasso ITA"]
[Date "2006.07.23"]
[Round "5"]
[White "Bove, Alessandro"]
[Black "Gromovs, Sergejs"]
[Result "0-1"]
[WhiteElo "2097"]
[BlackElo "2314"]
[PlyCount "82"]
[EventDate "2006.07.21"]

1. e4 d6 2. f4 Nf6 3. d3 c5 4. Nf3 Nc6 5. c3 e6 6. g3 Be7 7. Bg2 O-O 8. O-O Rb8
9. Nbd2 b5 10. Ne1 Qb6 11. Kh1 Bb7 12. g4 Nd7 13. Qe2 b4 14. g5 bxc3 15. bxc3
Qa5 16. Bb2 Ba8 17. Nb3 Qc7 18. Rb1 a5 19. Nc2 a4 20. Nd2 Rb7 21. Na3 Rfb8 22.
Nf3 d5 23. c4 d4 24. Qc2 Na7 25. Bh3 Rb4 26. f5 exf5 27. Bxf5 Nf8 28. Qf2 Bd6
29. Ba1 Rxb1 30. Nxb1 Nc6 31. Na3 Ne5 32. Nb5 Qe7 33. Nxd6 Qxd6 34. Qg3 Re8 35.
Bb2 Qb8 36. Nxe5 Rxe5 37. Ba3 Qe8 38. h4 Qe7 39. Kg1 g6 40. Bh3 h6 41. Bc1 Qe8
0-1

[Event "XIII Festival A"]
[Site "Campobasso ITA"]
[Date "2006.07.23"]
[Round "5"]
[White "Capuano, Eugenio"]
[Black "Stoyko, Maksym"]
[Result "1/2-1/2"]
[WhiteElo "2255"]
[BlackElo "1978"]
[PlyCount "75"]
[EventDate "2006.07.21"]

1. d4 Nf6 2. Bg5 c5 3. d5 Qb6 4. Nc3 Qxb2 5. Bd2 Qb6 6. e4 d6 7. f4 e6 8. Rb1
Qd8 9. Bb5+ Bd7 10. dxe6 fxe6 11. Bc4 Nc6 12. Nf3 Na5 13. Be2 Be7 14. e5 dxe5
15. Nxe5 O-O 16. O-O Rb8 17. Bf3 Qe8 18. Qe2 a6 19. Rfe1 Kh8 20. Rbd1 Nc6 21.
Nxc6 Bxc6 22. Bxc6 Qxc6 23. Qxe6 Bd6 24. Ne4 Nxe4 25. Qxe4 Qxe4 26. Rxe4 Rbe8
27. Rde1 Rxe4 28. Rxe4 Kg8 29. g4 Kf7 30. Kf2 Be7 31. Bc3 Bf6 32. Bxf6 gxf6 33.
Ke3 Rc8 34. f5 Rd8 35. h4 Rd1 36. g5 Rg1 37. Kf4 Rf1+ 38. Kg4 1/2-1/2

[Event "XIII Festival A"]
[Site "Campobasso ITA"]
[Date "2006.07.23"]
[Round "5"]
[White "Cordi', Domenico"]
[Black "Ficco, Corrado"]
[Result "1/2-1/2"]
[WhiteElo "2065"]
[BlackElo "2165"]
[PlyCount "99"]
[EventDate "2006.07.21"]

1. e4 g6 2. d4 Bg7 3. Nf3 d6 4. h3 c6 5. c4 Nf6 6. Nc3 O-O 7. Be2 Na6 8. Be3
Qc7 9. O-O e5 10. d5 Ne8 11. Ne1 f5 12. f3 f4 13. Bf2 c5 14. Nd3 b6 15. a3 Qe7
16. b4 g5 17. a4 h5 18. b5 Nac7 19. a5 Nf6 20. axb6 axb6 21. Rxa8 Nxa8 22. Qa1
Nc7 23. Qa7 Ncxd5 24. Qxe7 Nxe7 25. Ra1 Be6 26. Nd5 Bxd5 27. cxd5 Rb8 28. Nb2
Nc8 29. Nc4 Nd7 30. h4 Bf6 31. Kh2 Kg7 32. Kh3 Kg6 33. Bf1 Nf8 34. hxg5 Bxg5
35. Bh4 Nh7 36. g3 Kf6 37. Kh2 fxg3+ 38. Kxg3 Bxh4+ 39. Kxh4 Ng5 40. Kxh5 Nxf3
41. Bh3 Nd4 42. Bxc8 Rxc8 43. Nxd6 Rh8+ 44. Kg4 Rg8+ 45. Kh3 Ke7 46. Nc4 Nxb5
47. Nxe5 Rh8+ 48. Kg4 Rg8+ 49. Kh4 Rh8+ 50. Kg3 1/2-1/2

[Event "XIII Festival A"]
[Site "Campobasso ITA"]
[Date "2006.07.23"]
[Round "5"]
[White "Corvi, Marco"]
[Black "Iordachescu, Viorel"]
[Result "1/2-1/2"]
[WhiteElo "2318"]
[BlackElo "2603"]
[PlyCount "60"]
[EventDate "2006.07.21"]

1. c4 g6 2. Nc3 Bg7 3. Nf3 Nf6 4. g3 d5 5. cxd5 Nxd5 6. Bg2 Nb6 7. O-O Nc6 8.
d3 O-O 9. Be3 h6 10. Qd2 Kh7 11. Rab1 e5 12. b4 Nd4 13. Rfc1 Bg4 14. a4 c6 15.
a5 Nd7 16. Ne4 Bxf3 17. exf3 a6 18. Bxd4 exd4 19. Nc5 Rb8 20. f4 Re8 21. Qa2
Re7 22. Re1 Nxc5 23. bxc5 Rc8 24. h4 Rcc7 25. Be4 f5 26. Bf3 h5 27. Qc4 Bf6 28.
Kg2 Kg7 29. Kf1 Rcd7 30. Qa2 Qc7 1/2-1/2

[Event "XIII Festival A"]
[Site "Campobasso ITA"]
[Date "2006.07.23"]
[Round "5"]
[White "Del Dotto, Riccardo"]
[Black "Sabia, Corrado"]
[Result "1/2-1/2"]
[WhiteElo "2180"]
[BlackElo "2146"]
[PlyCount "89"]
[EventDate "2006.07.21"]

1. e4 c5 2. Nc3 Nc6 3. g3 g6 4. Bg2 Bg7 5. d3 d6 6. Be3 e5 7. f4 Nge7 8. Nf3
O-O 9. O-O Nd4 10. h3 Rb8 11. Qd2 b5 12. Rae1 b4 13. Nd1 Nxf3+ 14. Rxf3 Be6 15.
Ref1 f5 16. fxe5 Bxe5 17. g4 Qd7 18. Qf2 Bg7 19. gxf5 gxf5 20. Qg3 Kh8 21. Bg5
Ng6 22. exf5 Rxf5 23. Rxf5 Bxf5 24. Ne3 Be5 25. Qf3 Be6 26. Bf6+ Kg8 27. Bxe5
dxe5 28. Nd5 Qg7 29. Nf6+ Kh8 30. Nh5 Nh4 31. Nxg7 Nxf3+ 32. Bxf3 Kxg7 33. Bg4
Bf7 34. Kf2 c4 35. dxc4 Bxc4 36. Rd1 Bb5 37. Bd7 Bc4 38. Bg4 Bb5 39. Bd7 a5 40.
Rd5 Bxd7 41. Rxd7+ Kg6 42. Rd5 Rc8 43. Rxe5 Rxc2+ 44. Kf3 Rxb2 45. Rxa5 1/2-1/2